Double Entry Book keeping (Record no. 9759)

MARC details
000 -LEADER
fixed length control field 00354nam a22001337a 4500
008 - FIXED-LENGTH DATA ELEMENTS--GENERAL INFORMATION
fixed length control field 231205b |||||||| |||| 00| 0 eng d
020 ## - INTERNATIONAL STANDARD BOOK NUMBER
International Standard Book Number 8186819010
082 ## - DEWEY DECIMAL CLASSIFICATION NUMBER
Classification number 657.2 GRE
100 ## - MAIN ENTRY--PERSONAL NAME
Personal name Grewal, T.S.
245 ## - TITLE STATEMENT
Title Double Entry Book keeping
260 ## - PUBLICATION, DISTRIBUTION, ETC.
Place of publication, distribution, etc. New Delhi :
Name of publisher, distributor, etc. M/s sultan Chnad & Sons (P) Ltd,
Date of publication, distribution, etc. 2002.
300 ## - PHYSICAL DESCRIPTION
Extent 16.32 p:
Dimensions 23 Cm.
942 ## - Added entry Elements (Koha)
Source of classification or shelving scheme Dewey Decimal Classification
Holdings
Withdrawn status Lost status Source of classification or shelving scheme Damaged status Not for loan Collection code Home library Current library Shelving location Date acquired Serial Enumeration / chronology Total Checkouts Full call number Barcode Date last seen Price effective from Koha item type
    Dewey Decimal Classification     Main TEST RTC Library RTC Library Main opac 05/12/2023 177999   657.2 GRE 30018900 05/12/2023 05/12/2023 Main
Royal Thimphu College || All Right Reserved